[Event "BL2 Ost 1920 (Women)"]
[Site "Germany"]
[Date "2019.12.14"]
[Round "3.3"]
[White "Pflug, Tanja"]
[Black "Wong, Kar Yan"]
[Result "1-0"]
[WhiteElo "2039"]
[BlackElo "1738"]
[PlyCount "95"]
[EventDate "2019.09.14"]
[EventType "team-tourn"]
[EventRounds "7"]
[EventCountry "GER"]
[SourceTitle "EXT 2021"]
[Source "ChessBase"]
[SourceDate "2020.10.23"]
[SourceVersion "1"]
[SourceVersionDate "2020.10.23"]
[SourceQuality "1"]
[WhiteTeam "Merseburg (W)"]
[BlackTeam "Dresden USV TU (W)"]
[WhiteTeamCountry "GER"]
[BlackTeamCountry "GER"]

1. d4 e6 2. Bf4 c5 3. e3 Nc6 4. c3 Nf6 5. Nd2 cxd4 6. exd4 d5 7. Ngf3 Bd6 8. Ne5 Bxe5 9. dxe5 Nd7 10. Qg4 Kf8 11. Nf3 h5 12. Qg3 Qb6 13. 0-0-0 Nc5 14. Be3 Qa5 15. Bxc5+ Qxc5 16. Nd4 Nxd4 17. Rxd4 Bd7 18. Kb1 a5 19. Be2 b5 20. Rf4 Qe7 21. Rh4 g6 22. Rf4 g5 23. Rf6 g4 24. h3 b4 25. hxg4 bxc3 26. Qxc3 h4 27. g5 Kg7 28. Qd4 Qb4 29. Qxb4 axb4 30. Rf4 Kg6 31. Rfxh4 Rxh4 32. Rxh4 b3 33. f4 bxa2+ 34. Ka1 Kg7 35. Rh3 Ra4 36. Rf3 Bc6 37. g3 d4 38. Ra3 Rxa3 39. bxa3 Bd5 40. Bd3 Kf8 41. a4 Ke7 42. a5 Kd7 43. a6 Kc7 44. g4 Kb6 45. f5 Ka7 46. f6 Bf3 47. g6 fxg6 48. f7 1-0

[Event "BL2 Ost 1819 (Women)"]
[Site "Germany"]
[Date "2019.01.13"]
[Round "7.1"]
[White "Ulms, Sandra"]
[Black "Wong, Kar Yan"]
[Result "1-0"]
[WhiteElo "2152"]
[BlackElo "1755"]
[PlyCount "75"]
[EventDate "2018.10.27"]
[EventType "team-tourn"]
[EventRounds "7"]
[EventCountry "GER"]
[SourceTitle "CBM 190 Extra"]
[Source "ChessBase"]
[SourceDate "2019.07.15"]
[SourceVersion "1"]
[SourceVersionDate "2019.07.15"]
[SourceQuality "1"]
[WhiteTeam "Leipzig SG (W)"]
[BlackTeam "Dresden USV TU (W)"]
[WhiteTeamCountry "GER"]
[BlackTeamCountry "GER"]

1. d4 d5 2. Nf3 Nf6 3. c4 e6 4. Bg5 c5 5. e3 Qb6 6. Qb3 Qxb3 7. axb3 Ne4 8. Bf4 cxd4 9. Nxd4 Bb4+ 10. Ke2 a6 11. f3 Nc5 12. cxd5 exd5 13. Nc3 Be6 14. Na2 Nc6 15. Nxc6 Nxb3 16. Rd1 Bc5 17. Nd4 Bxd4 18. exd4 Rc8 19. Nc3 b5 20. Kf2 0-0 21. Bd3 Nxd4 22. Bxh7+ Kxh7 23. Rxd4 Rc4 24. Rhd1 b4 25. Ne2 Rfc8 26. R4d2 f6 27. Ra1 Ra8 28. Ra5 Bf7 29. b3 Rc6 30. Nd4 Rb6 31. Rc2 g5 32. Be3 Rd6 33. Rc6 Rxc6 34. Nxc6 Kg6 35. Bd4 Be8 36. Nxb4 Bb5 37. Ra2 Re8 38. Nxa6 1-0

[Event "BL2 Ost 1819 (Women)"]
[Site "Germany"]
[Date "2018.12.09"]
[Round "5.1"]
[White "Wong, Kar Yan"]
[Black "Arnhold, Steffi"]
[Result "0-1"]
[WhiteElo "1762"]
[BlackElo "2040"]
[PlyCount "40"]
[EventDate "2018.10.27"]
[EventType "team-tourn"]
[EventRounds "7"]
[EventCountry "GER"]
[SourceTitle "CBM 190 Extra"]
[Source "ChessBase"]
[SourceDate "2019.07.15"]
[SourceVersion "1"]
[SourceVersionDate "2019.07.15"]
[SourceQuality "1"]
[WhiteTeam "Dresden USV TU (W)"]
[BlackTeam "Niederwiesa Gruen Weiss (W)"]
[WhiteTeamCountry "GER"]
[BlackTeamCountry "GER"]

1. e4 c5 2. Nf3 e6 3. d4 cxd4 4. Nxd4 a6 5. Bd3 Bc5 6. Nb3 Ba7 7. 0-0 Nc6 8. a3 Nf6 9. Re1 d6 10. Be3 0-0 11. f4 Bxe3+ 12. Rxe3 Qb6 13. Kf2 e5 14. f5 d5 15. g4 dxe4 16. Bc4 Rd8 17. Qe2 Nd4 18. Nxd4 exd4 19. Rb3 Qc5 20. Kf1 b5 0-1

[Event "GER-ch U16 Girls"]
[Site "Willingen"]
[Date "2018.05.25"]
[Round "8"]
[White "Wong, Kar Yan"]
[Black "Schiewe, Nadine"]
[Result "1-0"]
[WhiteElo "1827"]
[BlackElo "1693"]
[PlyCount "71"]
[EventDate "2018.05.19"]
[EventType "swiss"]
[EventRounds "9"]
[EventCountry "GER"]
[SourceTitle "CBM 184 Extra"]
[Source "ChessBase"]
[SourceDate "2018.06.28"]
[SourceVersion "1"]
[SourceVersionDate "2018.06.28"]
[SourceQuality "1"]

1. e4 d5 2. exd5 Qxd5 3. Nc3 Qa5 4. d4 c6 5. Bc4 Nf6 6. Bd2 Qc7 7. Qe2 Bf5 8. 0-0-0 Nd5 9. Bxd5 cxd5 10. Qb5+ Nd7 11. Qxd5 e6 12. Qb3 a6 13. Nf3 Be7 14. h3 b5 15. Rhe1 Rb8 16. g4 Bg6 17. Ne5 a5 18. Nxg6 hxg6 19. Nxb5 Qc6 20. a4 Bb4 21. Bxb4 axb4 22. Qxb4 Rxh3 23. d5 Qb6 24. dxe6 fxe6 25. Rd6 Qxf2 26. Rdxe6+ Kf7 27. Qe7+ Kg8 28. Qxd7 Rh2 29. Qc7 Rf8 30. Qc4 Kh8 31. R6e2 Qg3 32. Rxh2+ Qxh2 33. Qe4 Kg8 34. Qd5+ Rf7 35. Re8+ Kh7 36. Qxf7 1-0

[Event "GER-ch U16 Girls"]
[Site "Willingen"]
[Date "2018.05.20"]
[Round "1"]
[White "Ziegenfuss, Larissa"]
[Black "Wong, Kar Yan"]
[Result "1/2-1/2"]
[WhiteElo "1618"]
[BlackElo "1827"]
[PlyCount "111"]
[EventDate "2018.05.19"]
[EventType "swiss"]
[EventRounds "9"]
[EventCountry "GER"]
[SourceTitle "CBM 184 Extra"]
[Source "ChessBase"]
[SourceDate "2018.06.28"]
[SourceVersion "1"]
[SourceVersionDate "2018.06.28"]
[SourceQuality "1"]

1. e4 c5 2. Nc3 Nc6 3. Nge2 d6 4. g3 g6 5. Bg2 Bg7 6. d3 e6 7. 0-0 h5 8. h3 Rb8 9. a4 a6 10. Be3 Nd4 11. Bd2 Ne7 12. Nxd4 cxd4 13. Ne2 Bd7 14. Nf4 Qc7 15. b3 Qc8 16. Kh2 h4 17. g4 Be5 18. Kg1 Bxf4 19. Bxf4 e5 20. Bd2 f5 21. f3 f4 22. Rc1 Qd8 23. Kh2 Be6 24. Qe2 Kf7 25. Rg1 Qd7 26. Rb1 g5 27. Rgc1 b5 28. axb5 axb5 29. Ra1 Ra8 30. Qd1 Qb7 31. Rxa8 Rxa8 32. Ra1 Nc6 33. Kg1 Ra6 34. Kf2 Qa7 35. Rxa6 Qxa6 36. Qb1 Qa3 37. Bf1 Nb4 38. Bxb4 Qxb4 39. Ke2 Qa3 40. Bg2 Ke7 41. Kd2 d5 42. Ke2 dxe4 43. fxe4 Qa6 44. Kf3 Kf6 45. Ke2 Qc8 46. Bf3 Kg6 47. Kd1 Kf7 48. Ke2 Ke7 49. Qa2 Kd6 50. Kd1 Kc6 51. Ke2 Kb6 52. Kd1 Qc3 53. Qa3 Qc5 54. Qxc5+ Kxc5 55. Kc1 Kb4 56. Kb2 1/2-1/2

[Event "BL2 Ost 1718 (Women)"]
[Site "Germany"]
[Date "2018.02.17"]
[Round "6.3"]
[White "Wong, Kar Yan"]
[Black "Wagner Michel, Annett"]
[Result "1/2-1/2"]
[WhiteElo "1660"]
[BlackElo "2104"]
[PlyCount "117"]
[EventDate "2017.10.14"]
[EventType "team-tourn"]
[EventRounds "7"]
[EventCountry "GER"]
[SourceTitle "EXT 2019"]
[Source "ChessBase"]
[SourceDate "2018.10.10"]
[SourceVersion "1"]
[SourceVersionDate "2018.10.10"]
[SourceQuality "1"]
[WhiteTeam "Dresden USV TU (W)"]
[BlackTeam "Pankow Rotation (W)"]
[WhiteTeamCountry "GER"]
[BlackTeamCountry "GER"]

1. e4 c5 2. Nf3 Nc6 3. d4 cxd4 4. Nxd4 Nf6 5. Nc3 g6 6. Be3 Bg7 7. Bc4 d6 8. f3 a6 9. Qd2 Qc7 10. Bb3 Bd7 11. 0-0-0 b5 12. Nd5 Nxd5 13. Bxd5 Rc8 14. Nxc6 Bxc6 15. Kb1 a5 16. c3 0-0 17. Bh6 Bxd5 18. exd5 a4 19. Bxg7 Kxg7 20. h4 h5 21. a3 Qd7 22. Qd4+ f6 23. Rhe1 Rc4 24. Qf2 Qf5+ 25. Ka2 Re8 26. Rd4 Kf7 27. Qe3 Kg7 28. g4 hxg4 29. fxg4 Qc8 30. h5 Rxd4 31. Qxd4 gxh5 32. gxh5 Qc4+ 33. Qxc4 bxc4 34. Re4 f5 35. Rxc4 Ra8 36. Rf4 Kf6 37. Kb1 Ke5 38. Rf1 Rh8 39. Re1+ Kxd5 40. Rxe7 Rxh5 41. Kc1 Kc4 42. Ra7 Kd3 43. Kb1 Rh4 44. Ra5 Rh1+ 45. Ka2 f4 46. Rxa4 Ke3 47. Rd4 Rh6 48. Kb3 f3 49. Kc4 f2 50. Rd1 Ke2 51. Rc1 Rf6 52. b4 Kd2 53. Rf1 Rf3 54. Kd5 Ke2 55. Rxf2+ Kxf2 56. Kxd6 Rxc3 57. a4 Rc4 58. b5 Rxa4 59. b6 1/2-1/2

[Event "BL2 Ost 1718 (Women)"]
[Site "Germany"]
[Date "2018.01.27"]
[Round "4.3"]
[White "Schott, Maria"]
[Black "Wong, Kar Yan"]
[Result "1/2-1/2"]
[WhiteElo "1830"]
[BlackElo "1660"]
[PlyCount "103"]
[EventDate "2017.10.14"]
[EventType "team-tourn"]
[EventRounds "7"]
[EventCountry "GER"]
[SourceTitle "EXT 2019"]
[Source "ChessBase"]
[SourceDate "2018.10.10"]
[SourceVersion "1"]
[SourceVersionDate "2018.10.10"]
[SourceQuality "1"]
[WhiteTeam "Zeulenroda (W)"]
[BlackTeam "Dresden USV TU (W)"]
[WhiteTeamCountry "GER"]
[BlackTeamCountry "GER"]

1. Nf3 d5 2. d4 e6 3. c4 Nf6 4. Nc3 a6 5. Bg5 Be7 6. e3 dxc4 7. Bxc4 b5 8. Be2 Bb7 9. 0-0 Nbd7 10. Rc1 Rc8 11. Re1 c5 12. Bxf6 Bxf6 13. dxc5 Rxc5 14. Qd2 0-0 15. Red1 Nb6 16. Nd4 Rc8 17. Bg4 Qe7 18. Bf3 Bxd4 19. Qxd4 Bxf3 20. gxf3 Nc4 21. b3 Rfd8 22. Qf4 e5 23. Qg4 Nb6 24. Nd5 Qd6 25. Nxb6 Rxc1 26. Rxc1 Qxb6 27. Rc8 h6 28. Rxd8+ Qxd8 29. Qe4 Qf6 30. Kf1 g6 31. Qa8+ Kg7 32. Qd5 Qf5 33. Kg2 h5 34. Qc6 Qf6 35. Qd5 g5 36. h3 Kh6 37. Qb7 Qe6 38. Qe4 f5 39. Qb4 Kg7 40. h4 Qf6 41. hxg5 Qxg5+ 42. Kh2 h4 43. Qd6 f4 44. Qd7+ Kf8 45. Qd6+ Ke8 46. Qe6+ Kf8 47. Qd6+ Kg7 48. Qd7+ Kh6 49. Qe6+ Kh5 50. Qe8+ Kh6 51. Qe6+ Kg7 52. Qd7+ 1/2-1/2

[Event "BL2 Ost 1718 (Women)"]
[Site "Germany"]
[Date "2017.12.17"]
[Round "3.4"]
[White "Fruebing, Simone"]
[Black "Wong, Kar Yan"]
[Result "1-0"]
[WhiteElo "1787"]
[BlackElo "1660"]
[PlyCount "97"]
[EventDate "2017.10.14"]
[EventType "team-tourn"]
[EventRounds "7"]
[EventCountry "GER"]
[SourceTitle "EXT 2019"]
[Source "ChessBase"]
[SourceDate "2018.10.10"]
[SourceVersion "1"]
[SourceVersionDate "2018.10.10"]
[SourceQuality "1"]
[WhiteTeam "Coswig TuS (W)"]
[BlackTeam "Dresden USV TU (W)"]
[WhiteTeamCountry "GER"]
[BlackTeamCountry "GER"]

1. d4 e6 2. Nf3 d5 3. g3 Nf6 4. Bg2 Nbd7 5. 0-0 Bd6 6. c3 c6 7. Qc2 e5 8. dxe5 Nxe5 9. Nxe5 Bxe5 10. Nd2 Bd7 11. Nb3 Qc8 12. e4 dxe4 13. Bxe4 0-0 14. Bg2 Bf5 15. Qe2 Re8 16. Be3 Bh3 17. Rfe1 Bxg2 18. Kxg2 Ng4 19. Qf3 Nxe3+ 20. Rxe3 Bf6 21. Rxe8+ Qxe8 22. Nc5 b6 23. Ne4 Be5 24. Rd1 Rd8 25. Rxd8 Qxd8 26. Qf5 Qe8 27. f4 Bc7 28. h4 Bd8 29. Kf3 g6 30. Qc8 Kg7 31. f5 gxf5 32. Qxf5 Qe6 33. Qxe6 fxe6 34. h5 h6 35. b3 Be7 36. Kf4 Bf6 37. c4 Bb2 38. g4 a6 39. a4 b5 40. axb5 axb5 41. c5 b4 42. Ke3 e5 43. Kd3 Kf7 44. g5 hxg5 45. Nxg5+ Kg7 46. Ke4 Kg8 47. Nf3 Kf7 48. Nxe5+ Ke6 49. Nxc6 1-0

[Event "BL2 Ost 1718 (Women)"]
[Site "Germany"]
[Date "2017.10.15"]
[Round "2.3"]
[White "Wong, Kar Yan"]
[Black "Weimert, Miriam"]
[Result "1/2-1/2"]
[WhiteElo "1660"]
[BlackElo "1777"]
[PlyCount "82"]
[EventDate "2017.10.14"]
[EventType "team-tourn"]
[EventRounds "7"]
[EventCountry "GER"]
[SourceTitle "EXT 2019"]
[Source "ChessBase"]
[SourceDate "2018.10.10"]
[SourceVersion "1"]
[SourceVersionDate "2018.10.10"]
[SourceQuality "1"]
[WhiteTeam "Dresden USV TU (W)"]
[BlackTeam "Leipzig Lindenau (W)"]
[WhiteTeamCountry "GER"]
[BlackTeamCountry "GER"]

1. c4 e5 2. d3 f5 3. g3 Nf6 4. Bg2 Bc5 5. e3 0-0 6. a3 a5 7. Nc3 c6 8. Nge2 d6 9. Rb1 Na6 10. d4 Ba7 11. b4 axb4 12. axb4 Bb8 13. 0-0 Nc7 14. b5 cxb5 15. Nxb5 e4 16. Qb3 Kh8 17. Nxc7 Qxc7 18. f3 Re8 19. Nf4 Qa5 20. Qb5 Qxb5 21. Rxb5 Ra4 22. c5 dxc5 23. Rxc5 b5 24. fxe4 fxe4 25. Nd5 Nxd5 26. Rxd5 Be6 27. Rc5 Bc4 28. Re1 Bd6 29. Rc6 Bb4 30. Rf1 Bxf1 31. Bxf1 Rb8 32. Bxb5 Ra1 33. Kg2 h6 34. Bf1 Ba3 35. Bxa3 Rxa3 36. d5 Rxe3 37. d6 Rd8 38. Bb5 Rf3 39. d7 Rf7 40. Re6 Rfxd7 41. Bxd7 Rxd7 1/2-1/2

[Event "GER-chT U14"]
[Site "Duesseldorf"]
[Date "2016.12.29"]
[Round "6.4"]
[White "Schlosser, Justin"]
[Black "Wong, Kar Yan"]
[Result "0-1"]
[WhiteElo "1638"]
[BlackElo "1779"]
[PlyCount "138"]
[EventDate "2016.12.27"]
[EventType "team-swiss"]
[EventRounds "7"]
[EventCountry "GER"]
[SourceTitle "EXT 2018"]
[Source "ChessBase"]
[SourceDate "2017.10.13"]
[SourceVersion "1"]
[SourceVersionDate "2017.10.13"]
[SourceQuality "1"]
[WhiteTeam "Halle Reideburger U14"]
[BlackTeam "Dresden Leuben U14"]
[WhiteTeamCountry "GER"]
[BlackTeamCountry "GER"]

1. e4 c5 2. Nf3 d6 3. Bb5+ Bd7 4. Bxd7+ Qxd7 5. c4 Nc6 6. Nc3 Nf6 7. d3 g6 8. 0-0 Bg7 9. h3 0-0 10. Be3 a6 11. Qd2 e6 12. Bh6 Nd4 13. Nxd4 cxd4 14. Ne2 e5 15. Bxg7 Kxg7 16. f4 Ng8 17. f5 h6 18. g4 g5 19. Ng3 Nf6 20. Rf2 Rh8 21. Rc1 Qe7 22. Rh2 Rag8 23. b3 Kf8 24. Qe2 b6 25. Qf3 Rh7 26. Rg2 Rgh8 27. Nh5 Nxh5 28. gxh5 f6 29. Kh2 Qe8 30. Rgc2 a5 31. Qe2 Rg8 32. Qg4 Re7 33. Qe2 Kg7 34. Kg3 Kh7 35. Kg4 Qc6 36. Qd2 Qc5 37. Rb1 Qb4 38. Qxb4 axb4 39. Rbc1 Ra8 40. Kf3 Rea7 41. Ra1 Ra3 42. Rcc1 Rxa2 43. Rab1 Rh2 44. Kg3 Raa2 45. Rg1 Rhd2 46. Rbd1 Rxd1 47. Rxd1 Kg7 48. Kf3 Kf7 49. Kg3 Ke7 50. Kg4 Rb2 51. Kf3 Rxb3 52. Ke2 Rb2+ 53. Rd2 Rb3 54. Rc2 Ra3 55. Kd2 Kd7 56. Rb2 Kc6 57. Kc2 Kc5 58. Rb3 Ra1 59. Rb1 Rxb1 60. Kxb1 b5 61. cxb5 Kxb5 62. Kb2 Ka4 63. Ka2 b3+ 64. Kb1 Kb5 65. Ka1 Kc5 66. Kb1 d5 67. Kb2 dxe4 68. Kxb3 exd3 69. Kb2 e4 0-1

[Event "GER-chT U14"]
[Site "Duesseldorf"]
[Date "2016.12.29"]
[Round "5.4"]
[White "Wong, Kar Yan"]
[Black "Rothenberg, Nina"]
[Result "1-0"]
[WhiteElo "1779"]
[BlackElo "1400"]
[PlyCount "67"]
[EventDate "2016.12.27"]
[EventType "team-swiss"]
[EventRounds "7"]
[EventCountry "GER"]
[SourceTitle "EXT 2018"]
[Source "ChessBase"]
[SourceDate "2017.10.13"]
[SourceVersion "1"]
[SourceVersionDate "2017.10.13"]
[SourceQuality "1"]
[WhiteTeam "Dresden Leuben U14"]
[BlackTeam "Uelzen Post U14"]
[WhiteTeamCountry "GER"]
[BlackTeamCountry "GER"]

1. e4 e6 2. d4 d5 3. Nc3 Nf6 4. e5 Nfd7 5. f4 c5 6. Nf3 Nc6 7. Be3 cxd4 8. Nxd4 Be7 9. Bd3 0-0 10. Qh5 h6 11. 0-0-0 Qe8 12. Qh3 Bc5 13. Nb3 Bxe3+ 14. Qxe3 a6 15. g4 f6 16. exf6 Nxf6 17. g5 hxg5 18. fxg5 Nh7 19. Rhg1 Nb4 20. Bxh7+ Kxh7 21. g6+ Kg8 22. Qh3 Rf5 23. Qh7+ Kf8 24. Qh8+ Ke7 25. Qxg7+ Kd8 26. Qd4 Nc6 27. Qb6+ Ke7 28. g7 Qg8 29. Nc5 Rb8 30. Qc7+ Ke8 31. Rdf1 e5 32. Rxf5 Bxf5 33. Nxb7 Bd7 34. Nxd5 1-0

[Event "GER-chT U14"]
[Site "Duesseldorf"]
[Date "2016.12.27"]
[Round "2.4"]
[White "Kuehne, Maria"]
[Black "Wong, Kar Yan"]
[Result "0-1"]
[WhiteElo "1632"]
[BlackElo "1779"]
[PlyCount "143"]
[EventDate "2016.12.27"]
[EventType "team-swiss"]
[EventRounds "7"]
[EventCountry "GER"]
[SourceTitle "EXT 2018"]
[Source "ChessBase"]
[SourceDate "2017.10.13"]
[SourceVersion "1"]
[SourceVersionDate "2017.10.13"]
[SourceQuality "1"]
[WhiteTeam "Ergolding U14"]
[BlackTeam "Dresden Leuben U14"]
[WhiteTeamCountry "GER"]
[BlackTeamCountry "GER"]

1. e4 e6 2. d4 d5 3. e5 c5 4. dxc5 Bxc5 5. Bd3 Nc6 6. Nf3 Nge7 7. Qe2 Nb4 8. Bb5+ Bd7 9. Nc3 a6 10. Bxd7+ Qxd7 11. a3 Nbc6 12. 0-0 Ng6 13. Rd1 Qc7 14. g3 0-0 15. Kg2 Ncxe5 16. Nxe5 Qxe5 17. Qxe5 Nxe5 18. Re1 Ng6 19. Bd2 Rac8 20. Ne2 Rfe8 21. f4 Ne7 22. c3 Nf5 23. g4 Nd6 24. Kf3 f6 25. Rad1 Nc4 26. Bc1 Rcd8 27. Ng3 e5 28. f5 d4 29. Ne4 Bb6 30. h4 Nd6 31. Nxd6 Rxd6 32. cxd4 Rxd4 33. Rxd4 Bxd4 34. Ke4 Bf2 35. Rh1 Bd4 36. Rh2 Rc8 37. Be3 Bxe3 38. Kxe3 Kf7 39. Rd2 Ke7 40. Rg2 h6 41. Rd2 Rc4 42. Kf3 Rf4+ 43. Kg3 Rd4 44. Rc2 Kd7 45. Re2 Rd3+ 46. Kg2 b5 47. Rc2 Rd4 48. Kf3 Rf4+ 49. Kg3 Rc4 50. Rd2+ Kc7 51. Rd3 a5 52. Rd2 b4 53. axb4 axb4 54. Rd3 Rd4 55. Re3 Kb6 56. Re2 Rd3+ 57. Kg2 b3 58. g5 hxg5 59. hxg5 Rd4 60. gxf6 gxf6 61. Rf2 Rc4 62. Kf1 Rc1+ 63. Kg2 Rc2 64. Kf3 Rxf2+ 65. Kxf2 Kc5 66. Ke3 Kd5 67. Kd3 e4+ 68. Ke2 Kd4 69. Kd2 e3+ 70. Ke1 Kd3 71. Kd1 e2+ 72. Ke1 0-1

[Event "GER-chT U14"]
[Site "Duesseldorf"]
[Date "2016.12.27"]
[Round "1.4"]
[White "Wong, Kar Yan"]
[Black "Hurm, Yannik"]
[Result "1-0"]
[WhiteElo "1779"]
[BlackElo "1450"]
[PlyCount "147"]
[EventDate "2016.12.27"]
[EventType "team-swiss"]
[EventRounds "7"]
[EventCountry "GER"]
[SourceTitle "EXT 2018"]
[Source "ChessBase"]
[SourceDate "2017.10.13"]
[SourceVersion "1"]
[SourceVersionDate "2017.10.13"]
[SourceQuality "1"]
[WhiteTeam "Dresden Leuben U14"]
[BlackTeam "Hohentuebingen U14"]
[WhiteTeamCountry "GER"]
[BlackTeamCountry "GER"]

1. e4 c5 2. Nf3 a6 3. d4 cxd4 4. Nxd4 Nf6 5. Nc3 e5 6. Nb3 Bb4 7. Bd3 0-0 8. Bg5 h6 9. Bh4 b6 10. 0-0 Bxc3 11. bxc3 Bb7 12. Qf3 d5 13. Bxf6 Qxf6 14. Qxf6 gxf6 15. Nd2 b5 16. exd5 Bxd5 17. Ne4 Kg7 18. Ng3 Nd7 19. a4 Bc6 20. Nf5+ Kh7 21. Ne7+ e4 22. Be2 Bb7 23. axb5 axb5 24. Bxb5 Ne5 25. Nf5 Kg6 26. Nd6 Bd5 27. Rad1 Be6 28. Nxe4 Bf5 29. Bd3 Ra3 30. f3 Bxe4 31. fxe4 Rxc3 32. Rd2 Nxd3 33. cxd3 Rd8 34. d4 Re3 35. Rdf2 Rd6 36. Rf4 Rxd4 37. Rxf6+ Kg5 38. R1f5+ Kg4 39. h3+ Kg3 40. Rf3+ Rxf3 41. Rxf3+ Kh4 42. Rxf7 Rxe4 43. Rg7 Re2 44. Rg4+ Kh5 45. Kf1 Ra2 46. Re4 Kg5 47. Re2 Rxe2 48. Kxe2 Kf4 49. Kf2 h5 50. g3+ Kg5 51. Ke3 Kf5 52. Kf3 Ke5 53. Ke3 Kf5 54. Kd4 Kf6 55. Ke4 Ke7 56. Kf4 Kf6 57. h4 Kg6 58. Ke5 Kg7 59. Kf5 Kh6 60. Kf6 Kh7 61. Kg5 Kg7 62. Kxh5 Kf6 63. Kh6 Kf5 64. h5 Kf6 65. g4 Kf7 66. g5 Kg8 67. Kg6 Kh8 68. Kf6 Kg8 69. g6 Kh8 70. g7+ Kh7 71. Kf7 Kh6 72. g8Q Kxh5 73. Qg3 Kh6 74. Qg6# 1-0

[Event "Regionalliga Ost 1617 (Women)"]
[Site "Germany"]
[Date "2016.10.23"]
[Round "1.1"]
[White "Wong, Kar Yan"]
[Black "Just, Gabriele"]
[Result "1-0"]
[WhiteElo "1537"]
[BlackElo "1921"]
[PlyCount "63"]
[EventDate "2016.10.23"]
[EventType "team-tourn"]
[EventRounds "5"]
[EventCountry "GER"]
[SourceTitle "EXT 2018"]
[Source "ChessBase"]
[SourceDate "2017.10.13"]
[SourceVersion "1"]
[SourceVersionDate "2017.10.13"]
[SourceQuality "1"]
[WhiteTeam "Dresden USV TU (W)"]
[BlackTeam "Leipzig SG (W) II"]
[WhiteTeamCountry "GER"]
[BlackTeamCountry "GER"]

1. e4 e6 2. d4 d5 3. exd5 exd5 4. Bd3 Nc6 5. c3 Bd6 6. Nf3 Nge7 7. Bg5 f6 8. Bh4 Bg4 9. Nbd2 Qd7 10. Qc2 0-0-0 11. 0-0-0 Bf4 12. Kb1 Kb8 13. Bg3 Bxd2 14. Rxd2 Bxf3 15. gxf3 h5 16. h4 Na5 17. b3 Rde8 18. Re2 Nc8 19. Rhe1 Rxe2 20. Rxe2 Nd6 21. Bg6 b6 22. Bxd6 Qxd6 23. Qf5 Qh2 24. Kb2 Qxh4 25. Qxd5 Qg5 26. Qf7 Nc6 27. Kc2 h4 28. Re8+ Rxe8 29. Qxe8+ Kb7 30. Be4 Qb5 31. c4 Qb4 32. Qxc6+ 1-0

[Event "GER-ch U14 Girls"]
[Site "Willingen"]
[Date "2016.05.20"]
[Round "8"]
[White "Wong, Kar Yan"]
[Black "Weimert, Miriam"]
[Result "1-0"]
[WhiteElo "1600"]
[BlackElo "1726"]
[PlyCount "87"]
[EventDate "2016.05.15"]
[EventType "swiss"]
[EventRounds "9"]
[EventCountry "GER"]
[SourceTitle "CBM 172 Extra"]
[Source "ChessBase"]
[SourceDate "2016.06.21"]
[SourceVersion "1"]
[SourceVersionDate "2016.06.21"]
[SourceQuality "1"]

1. d4 Nf6 2. c4 e5 3. dxe5 Ng4 4. Bf4 Bb4+ 5. Nd2 Nc6 6. Ngf3 Qe7 7. a3 Bxd2+ 8. Qxd2 Ngxe5 9. Nxe5 Nxe5 10. e3 d6 11. Be2 0-0 12. 0-0 Be6 13. c5 Rfd8 14. cxd6 cxd6 15. Rac1 Nc6 16. Bf3 Rac8 17. b4 Ne5 18. Be2 Nc4 19. Qd4 d5 20. Rc3 a5 21. Rd1 h6 22. bxa5 Nxa5 23. Rxc8 Rxc8 24. Qb4 Qxb4 25. axb4 Nc4 26. h3 Rc6 27. Rb1 Nd2 28. Ra1 Rb6 29. Ra8+ Kh7 30. Bd3+ g6 31. Be5 f6 32. Bxf6 Bc8 33. Bc3 Nb1 34. Bxb1 Rc6 35. Ra3 Be6 36. Kh2 Rc8 37. Bd4 Rf8 38. f3 Rd8 39. Ra7 Bc8 40. b5 Re8 41. b6 Rd8 42. Bd3 Rf8 43. Ba6 Rf7 44. Ra8 1-0

[Event "GER-ch U14 Girls"]
[Site "Willingen"]
[Date "2016.05.15"]
[Round "1"]
[White "Wong, Kar Yan"]
[Black "Schneider, Jana"]
[Result "0-1"]
[WhiteElo "1600"]
[BlackElo "2093"]
[PlyCount "84"]
[EventDate "2016.05.15"]
[EventType "swiss"]
[EventRounds "9"]
[EventCountry "GER"]
[SourceTitle "CBM 172 Extra"]
[Source "ChessBase"]
[SourceDate "2016.06.21"]
[SourceVersion "1"]
[SourceVersionDate "2016.06.21"]
[SourceQuality "1"]

1. e4 e5 2. Nf3 Nc6 3. Bb5 a6 4. Bxc6 dxc6 5. 0-0 Qd6 6. d4 f6 7. c3 Bg4 8. Be3 Ne7 9. Nbd2 Ng6 10. h3 Be6 11. Nb3 0-0-0 12. Nc5 Nf4 13. Nxe6 Qxe6 14. Qc2 g5 15. dxe5 fxe5 16. Nxg5 Qg6 17. h4 h6 18. Bxf4 exf4 19. Nh3 Rg8 20. Nxf4 Qg4 21. Qb3 Re8 22. Qf7 Bd6 23. Qf5+ Qxf5 24. exf5 Bxf4 25. Rfe1 Ref8 26. Re6 Rxf5 27. Rae1 Rff8 28. R1e2 h5 29. g3 Bd6 30. Rh6 Rf5 31. Kg2 Bc5 32. Rhe6 Kd7 33. R6e5 Rgf8 34. f4 Bd6 35. R5e3 Rg8 36. Kf3 Rg4 37. Re4 Rf7 38. Re1 Rfg7 39. Rg1 Rxh4 40. Rg2 Rhg4 41. Rd4 h4 42. Rdd2 Rxg3+ 0-1

[Event "GER-chT U14 Girls"]
[Site "Magdeburg"]
[Date "2015.12.29"]
[Round "5.3"]
[White "Rieger, Lotta"]
[Black "Wong, Kar Yan"]
[Result "1-0"]
[WhiteElo "1518"]
[BlackElo "1590"]
[PlyCount "57"]
[EventDate "2015.12.27"]
[EventType "team-swiss"]
[EventRounds "7"]
[EventCountry "GER"]
[SourceTitle "EXT 2017"]
[Source "ChessBase"]
[SourceDate "2016.10.25"]
[SourceVersion "1"]
[SourceVersionDate "2016.10.25"]
[SourceQuality "1"]
[WhiteTeam "Erfurt Empor"]
[BlackTeam "Dresden Leuben"]
[WhiteTeamCountry "GER"]
[BlackTeamCountry "GER"]

1. e4 e6 2. d4 d5 3. Nc3 dxe4 4. Nxe4 Nd7 5. Nf3 Ngf6 6. Bd3 c5 7. c3 Be7 8. 0-0 0-0 9. Qc2 Nxe4 10. Bxe4 Nf6 11. Bd3 h6 12. h3 Bd7 13. Be3 Nd5 14. Ne5 Be8 15. Rad1 Qc7 16. Qe2 cxd4 17. Bxd4 Nf4 18. Qg4 Nxd3 19. Rxd3 f5 20. Qe2 Bb5 21. c4 Bxc4 22. Nxc4 Qxc4 23. Bxg7 Rad8 24. Bxf8 Bg5 25. Bxh6 Rxd3 26. Bxg5 Qd5 27. Qh5 Qd7 28. Bf6 e5 29. Bxe5 1-0

[Event "GER-chT U14 Girls"]
[Site "Magdeburg"]
[Date "2015.12.28"]
[Round "4.3"]
[White "Wong, Kar Yan"]
[Black "Ehmann, Johanna"]
[Result "1/2-1/2"]
[WhiteElo "1590"]
[BlackElo "1627"]
[PlyCount "95"]
[EventDate "2015.12.27"]
[EventType "team-swiss"]
[EventRounds "7"]
[EventCountry "GER"]
[SourceTitle "EXT 2017"]
[Source "ChessBase"]
[SourceDate "2016.10.25"]
[SourceVersion "1"]
[SourceVersionDate "2016.10.25"]
[SourceQuality "1"]
[WhiteTeam "Dresden Leuben"]
[BlackTeam "Sasbach"]
[WhiteTeamCountry "GER"]
[BlackTeamCountry "GER"]

1. Nf3 d5 2. e3 Nf6 3. c4 Nc6 4. d4 Bf5 5. a3 e6 6. b4 Be7 7. b5 Na5 8. Nbd2 Nxc4 9. Nxc4 dxc4 10. Bxc4 0-0 11. 0-0 Bg4 12. Be2 Qd5 13. a4 Ne4 14. Qc2 Bd6 15. h3 Bxf3 16. Bxf3 f5 17. Bxe4 fxe4 18. Qa2 Rac8 19. Qxd5 exd5 20. Ba3 Bxa3 21. Rxa3 c5 22. bxc6 Rxc6 23. Rb1 b6 24. a5 bxa5 25. Rxa5 Rc2 26. Rf1 Ra8 27. Rfa1 Rf8 28. R5a2 Rfxf2 29. Rxc2 Rxc2 30. Rxa7 Re2 31. Ra3 Kf7 32. Kf1 Rb2 33. Ra7+ Kf6 34. Rd7 Rb1+ 35. Kf2 Rb2+ 36. Kg3 Re2 37. Rxd5 Rxe3+ 38. Kf4 Re2 39. g3 h6 40. Rf5+ Kg6 41. Re5 Rh2 42. h4 Kf6 43. Rxe4 g5+ 44. hxg5+ hxg5+ 45. Kg4 Rd2 46. Kf3 Rd3+ 47. Kg4 Rd2 48. Kf3 1/2-1/2